[Event "21st Hoogeveen op"]
[Site "Hoogeveen NED"]
[Date "2017.10.21"]
[Round "1.31"]
[White "O'Gorman, Tom"]
[Black "Kutchoukov, Daniel"]
[Result "1-0"]
[WhiteElo "2240"]
[BlackElo "1913"]
[EventDate "2017.10.21"]
[PlyCount "65"]

1.e4 c6 2.d4 d5 3.Nc3 dxe4 4.Nxe4 Bf5 5.Ng3 Bg6 6.Nh3 e6 7.Nf4 Qh4 8.Nge2 
Bd6 9.g3 Qf6 10.Bg2 Nd7 11.O-O Ne7 12.Nxg6 hxg6 13.Nc3 Bc7 14.Ne4 Qf5 15.
c4 Qh5 16.Qxh5 gxh5 17.b3 O-O 18.Ba3 Rfe8 19.Rad1 Rad8 20.Bf3 h4 21.gxh4 
Nf5 22.h5 Nb6 23.Bb2 e5 24.dxe5 Rxd1 25.Rxd1 Nh4 26.Be2 Bxe5 27.Bxe5 Rxe5 
28.Rd8+ Kh7 29.Bd3 Nf3+ 30.Kf1 f5 31.Ng3 Nd2+ 32.Kg2 Ne4 33.Nxf5 1-0

[Event "21st Hoogeveen op"]
[Site "Hoogeveen NED"]
[Date "2017.10.21"]
[Round "1.32"]
[White "Weihrauch, Jakob"]
[Black "Hilwerda, Jonas"]
[Result "1/2-1/2"]
[WhiteElo "1901"]
[BlackElo "2216"]
[EventDate "2017.10.21"]
[PlyCount "104"]

1.d4 Nf6 2.Bg5 d5 3.e3 e6 4.Nd2 c5 5.c3 Nc6 6.f4 Qb6 7.Qb3 Qc7 8.Be2 Bd6 
9.Rc1 cxd4 10.cxd4 Nxd4 11.Rxc7 Nxb3 12.Bb5+ Kf8 13.Rxc8+ Rxc8 14.Nxb3 Rc2
15.Bxf6 gxf6 16.Ne2 Rxb2 17.Kf2 Rxa2 18.Rd1 Ke7 19.Nd4 Rc8 20.Kf3 f5 21.
Ng3 a6 22.Bd3 b5 23.Bxf5 exf5 24.Ndxf5+ Ke6 25.Ng7+ Kd7 26.Rxd5 Rc5 27.Rd3
Kc6 28.Ne4 Rd5 29.Rxd5 Kxd5 30.Nc3+ Kc4 31.Nxa2 Ba3 32.Ne8 b4 33.Nd6+ Kb3 
34.Nxb4 Bxb4 35.Nb7 Kc4 36.Ke4 Kb5 37.Kd5 Be7 38.e4 a5 39.Nxa5 Kxa5 40.Kc6
Kb4 41.Kd7 Bc5 42.Ke8 f6 43.Kf7 Bd4 44.g4 Kc4 45.g5 Kd3 46.gxf6 Kxe4 47.
Kg7 h5 48.Kg6 h4 49.f7 Bc5 50.Kh5 Kf3 51.Kxh4 Kxf4 52.Kh3 Ke5 1/2-1/2

[Event "21st Hoogeveen op"]
[Site "Hoogeveen NED"]
[Date "2017.10.21"]
[Round "1.33"]
[White "Klapwijk, Bram"]
[Black "Duson, Robin"]
[Result "1-0"]
[WhiteElo "2211"]
[BlackElo "1890"]
[EventDate "2017.10.21"]
[PlyCount "103"]

1.d4 Nf6 2.c4 c5 3.d5 e6 4.Nc3 exd5 5.cxd5 d6 6.e4 g6 7.Nge2 Bg7 8.Ng3 O-O
9.Be2 Na6 10.O-O Nc7 11.Bg5 h6 12.Be3 Re8 13.a4 Na6 14.Qd2 Kh7 15.h3 Nb4 
16.Rad1 Qe7 17.Rfe1 b6 18.f4 h5 19.Bf3 Bb7 20.Nh1 Qd7 21.Nf2 Ba6 22.g4 h4 
23.g5 Nh5 24.Bg4 Qe7 25.e5 dxe5 26.f5 Qd8 27.Bxh5 gxh5 28.f6 Bf8 29.Qc1 
Qd7 30.Qb1+ Kg8 31.Qe4 Bc8 32.g6 Qf5 33.g7 Bd6 34.Qxf5 Bxf5 35.Nfe4 Rad8 
36.Kh2 Nc2 37.Re2 Nd4 38.Rf2 Bg6 39.Rg1 Nf5 40.Bd2 Ng3 41.Nxg3 hxg3+ 42.
Kxg3 e4+ 43.Bf4 e3 44.Rf3 Bxf4+ 45.Rxf4 e2 46.Kf2 Bd3 47.Rf3 Bc4 48.Rf5 
Rd6 49.Ke1 Bd3 50.Rxh5 Bh7 51.Rh6 Re5 52.Rxh7 1-0

[Event "21st Hoogeveen op"]
[Site "Hoogeveen NED"]
[Date "2017.10.21"]
[Round "1.34"]
[White "Elgersma, Onno"]
[Black "Stanetzek, Carsten"]
[Result "0-1"]
[WhiteElo "1884"]
[BlackElo "2211"]
[EventDate "2017.10.21"]
[PlyCount "114"]

1.e4 e5 2.Nf3 Nc6 3.Bc4 Bc5 4.c3 Nf6 5.d3 O-O 6.O-O a6 7.Bb3 Ba7 8.Nbd2 d6
9.Bc2 Be6 10.h3 Ne7 11.Re1 Ng6 12.Nf1 c6 13.d4 b5 14.a4 Qc7 15.axb5 axb5 
16.Be3 Bb6 17.Qd2 c5 18.d5 Bd7 19.Ng3 Rfb8 20.Bg5 Ne8 21.h4 f6 22.Be3 c4 
23.Nf5 Bxf5 24.exf5 Ne7 25.g4 Ra7 26.Rxa7 Qxa7 27.g5 Nc7 28.Be4 Bxe3 29.
fxe3 Qc5 30.Kf2 b4 31.gxf6 gxf6 32.Rg1+ Kf7 33.Qe2 Ke8 34.Rg7 bxc3 35.bxc3
Ncxd5 36.Bxd5 Qxd5 37.e4 Qc5+ 38.Kg3 Rb3 39.Qd2 d5 40.exd5 Kd7 41.Kh3 Kd6 
42.Qh6 Nxd5 43.Rf7 Qc8 44.Kg4 Qg8+ 45.Rg7 Qd8 46.Ng5 Ne3+ 47.Kh5 Kc6 48.
Nf3 Qe8+ 49.Rg6 hxg6+ 50.fxg6 Rxc3 51.Qg7 Nd5 52.Qf7 Qh8+ 53.Kg4 Qc8+ 54.
Kh5 Rxf3 55.g7 Rg3 56.Kh6 Qg4 57.Qe8+ Kc5 0-1

[Event "21st Hoogeveen op"]
[Site "Hoogeveen NED"]
[Date "2017.10.21"]
[Round "1.35"]
[White "Pajeken, Jakob Leon"]
[Black "Den Dunnen, Lola"]
[Result "1-0"]
[WhiteElo "2203"]
[BlackElo "1862"]
[EventDate "2017.10.21"]
[PlyCount "81"]

1.e4 e5 2.Nf3 Nc6 3.Bb5 a6 4.Ba4 Nf6 5.d3 d6 6.a3 Be7 7.h3 O-O 8.O-O b5 9.
Bb3 Be6 10.c3 Bxb3 11.Qxb3 Na5 12.Qc2 c5 13.Nbd2 Rc8 14.Re1 Qc7 15.b3 c4 
16.dxc4 bxc4 17.b4 Nb3 18.Rb1 Nxc1 19.Rbxc1 Nh5 20.g3 Qd7 21.Kh2 g5 22.Nf1
f5 23.exf5 Qxf5 24.Qxf5 Rxf5 25.N1d2 Rf7 26.Kg2 Rcf8 27.Re4 Nf6 28.Re2 e4 
29.Nxg5 d5 30.Nxf7 Rxf7 31.Nf1 Bf8 32.Rd1 Bh6 33.Ne3 Bxe3 34.Rxe3 Kf8 35.
f3 Re7 36.fxe4 dxe4 37.Rd4 Kf7 38.g4 h6 39.Kg3 Re5 40.Rxc4 a5 41.Kf4 1-0

[Event "21st Hoogeveen op"]
[Site "Hoogeveen NED"]
[Date "2017.10.21"]
[Round "1.36"]
[White "Pham, Khoi"]
[Black "Clemens, Adrian HP"]
[Result "1/2-1/2"]
[WhiteElo "1859"]
[BlackElo "2198"]
[EventDate "2017.10.21"]
[PlyCount "118"]

1.e4 c5 2.Nf3 e6 3.d4 cxd4 4.Nxd4 Nc6 5.Nc3 Qc7 6.Be2 Nf6 7.O-O Be7 8.Kh1 
O-O 9.f4 d6 10.Be3 a6 11.Bf3 Nxd4 12.Qxd4 e5 13.Qd2 exf4 14.Bxf4 Be6 15.
Nd5 Bxd5 16.exd5 Nd7 17.c4 Bf6 18.Rac1 a5 19.b3 Rfe8 20.a3 Be5 21.b4 axb4 
22.axb4 Bxf4 23.Qxf4 Ne5 24.Qd4 b6 25.c5 bxc5 26.bxc5 Nxf3 27.gxf3 dxc5 
28.Rxc5 Qd6 29.Rc6 Qd7 30.Qc4 Rad8 31.Rd1 Qf5 32.Qd3 Re1+ 33.Kg2 Qg5+ 34.
Kh3 Re3 35.Qf1 h5 36.Rd4 Rxd5 37.Rcc4 Rxd4 38.Rxd4 g6 39.Qf2 Qf5+ 40.Kg2 
Qe5 41.Rd2 g5 42.Rd5 Qxd5 43.Qxe3 g4 44.Kg3 Qxf3+ 45.Qxf3 gxf3 46.Kxf3 Kg7
47.Ke3 Kg6 48.Kf4 f5 49.Kf3 Kg5 50.Kg3 f4+ 51.Kf3 Kf5 52.Kf2 Ke4 53.Ke2 
f3+ 54.Kf2 Kf4 55.Kf1 Ke3 56.Ke1 f2+ 57.Kf1 Kf3 58.h3 Kg3 59.h4 Kf3 
1/2-1/2

[Event "21st Hoogeveen op"]
[Site "Hoogeveen NED"]
[Date "2017.10.21"]
[Round "1.37"]
[White "Balje, Jan"]
[Black "Van Foreest, Machteld"]
[Result "1-0"]
[WhiteElo "2191"]
[BlackElo "1829"]
[EventDate "2017.10.21"]
[PlyCount "53"]

1.d4 d5 2.c4 c6 3.Nf3 Nf6 4.Nc3 e6 5.e3 Nbd7 6.Qc2 Be7 7.Bd3 dxc4 8.Bxc4 
b5 9.Bd3 Bb7 10.e4 a6 11.e5 Nd5 12.Nxd5 cxd5 13.O-O Rc8 14.Qe2 Qb6 15.Rd1 
f6 16.exf6 Bxf6 17.Ne5 Bxe5 18.dxe5 O-O 19.Be3 Qc7 20.Bd4 Rf4 21.Qe3 Rcf8 
22.Rac1 Qa5 23.Qh3 g6 24.Qxe6+ R8f7 25.Be3 Ra4 26.Qe8+ Nf8 27.e6 1-0

[Event "21st Hoogeveen op"]
[Site "Hoogeveen NED"]
[Date "2017.10.22"]
[Round "2.1"]
[White "Maris, Ivo"]
[Black "Kuljasevic, Davorin"]
[Result "1/2-1/2"]
[WhiteElo "2340"]
[BlackElo "2549"]
[EventDate "2017.10.21"]
[PlyCount "130"]

1.d4 Nf6 2.c4 e6 3.Nc3 Bb4 4.Qc2 O-O 5.Nf3 d6 6.Bd2 b6 7.e4 c5 8.a3 Bxc3 
9.Bxc3 cxd4 10.Nxd4 e5 11.Nb3 Bb7 12.f3 Qe7 13.Be2 Nc6 14.O-O Nd7 15.Rad1 
Nc5 16.Rd2 a5 17.Qd1 Rfd8 18.Na1 a4 19.Rf2 Na5 20.Qf1 Nab3 21.Nxb3 Nxb3 
22.Rd1 Rac8 23.Bd3 Ba6 24.Rc2 Rc6 25.Bb4 Qe6 26.Rc3 Rdc8 27.g3 h5 28.Kg2 
Nd4 29.Rdc1 h4 30.Qd1 Nb3 31.R1c2 Nd4 32.Rc1 Nb3 33.R1c2 hxg3 34.hxg3 Nd4 
35.Rc1 Nb3 36.R1c2 f6 37.Qf1 Nd4 38.Rc1 Nb3 39.R1c2 Nd4 40.Rc1 Kf7 41.Qh1 
Ke7 42.Kf2 Qf7 43.Qh7 Ne6 44.Qh1 Nc5 45.Bc2 Bxc4 46.Bxc5 Rxc5 47.Bxa4 Ba6 
48.Rxc5 Rxc5 49.Rxc5 dxc5 50.Qh8 Qf8 51.Qxf8+ Kxf8 52.b4 Ke7 53.bxc5 bxc5 
54.Ke3 Kd6 55.Kd2 g5 56.g4 Kc7 57.Bd1 Kb6 58.Be2 Bc8 59.Bc4 Ka5 60.Kc3 Bd7
61.Bb3 Bb5 62.Bc4 Ba4 63.Bb3 Bb5 64.Bc4 Ba4 65.Bb3 Bb5 1/2-1/2

[Event "21st Hoogeveen op"]
[Site "Hoogeveen NED"]
[Date "2017.10.22"]
[Round "2.2"]
[White "Xu Xiangyu"]
[Black "Colijn, Stefan"]
[Result "1-0"]
[WhiteElo "2549"]
[BlackElo "2308"]
[EventDate "2017.10.21"]
[PlyCount "77"]

1.Nf3 Nf6 2.c4 e6 3.g3 d5 4.d4 Be7 5.Bg2 O-O 6.O-O dxc4 7.Qc2 a6 8.a4 Nc6 
9.Qxc4 Nb4 10.Bf4 Nfd5 11.Nc3 c6 12.a5 b5 13.Qb3 c5 14.dxc5 Bxc5 15.Rfd1 
Qe7 16.Ne4 Nxf4 17.gxf4 Nd5 18.Nxc5 Qxc5 19.Ne5 Qe7 20.Bxd5 exd5 21.Qxd5 
Be6 22.Nc6 Qb7 23.Qc5 Rfe8 24.Qb6 Qc8 25.Rd8 Qxc6 26.Qxc6 Rexd8 27.e4 Bc4 
28.Kg2 Rdc8 29.Qb6 Rcb8 30.Qc5 Rc8 31.Qh5 Re8 32.Qf3 Rad8 33.Rd1 g6 34.b3 
Be6 35.f5 Rxd1 36.Qxd1 gxf5 37.e5 Bxb3 38.Qxb3 Rxe5 39.Qg3+ 1-0

[Event "21st Hoogeveen op"]
[Site "Hoogeveen NED"]
[Date "2017.10.22"]
[Round "2.3"]
[White "De Boer, Eelke"]
[Black "Ernst, Sipke"]
[Result "0-1"]
[WhiteElo "2301"]
[BlackElo "2548"]
[EventDate "2017.10.21"]
[PlyCount "80"]

1.e4 e5 2.Nf3 Nc6 3.Bb5 a6 4.Ba4 d6 5.O-O Bd7 6.c3 Nge7 7.d4 Ng6 8.Be3 Be7
9.Nbd2 h6 10.d5 Nb8 11.Ne1 Bg5 12.Nd3 O-O 13.Bxd7 Nxd7 14.Qg4 Bxe3 15.fxe3
Nf6 16.Qg3 c6 17.c4 cxd5 18.exd5 e4 19.Nf2 Re8 20.Rac1 Rc8 21.Rfd1 a5 22.
Nb3 Re5 23.Ng4 Nh5 24.Qh3 Rg5 25.Nd4 Rc7 26.Rf1 Kh7 27.Rf5 Rxf5 28.Nxf5 
Qg5 29.Nxd6 f5 30.Nf2 Nhf4 31.exf4 Nxf4 32.Qxf5+ Qxf5 33.Nxf5 Ne2+ 34.Kf1 
Nxc1 35.Nxe4 b6 36.b3 Rf7 37.Nd6 Rf6 38.g4 g6 39.Nb7 gxf5 40.d6 fxg4+ 0-1

[Event "21st Hoogeveen op"]
[Site "Hoogeveen NED"]
[Date "2017.10.22"]
[Round "2.4"]
[White "Pruijssers, Roeland"]
[Black "Wempe, Joost"]
[Result "1-0"]
[WhiteElo "2512"]
[BlackElo "2289"]
[EventDate "2017.10.21"]
[PlyCount "61"]

1.e4 e6 2.d4 d5 3.Nd2 Nf6 4.e5 Nfd7 5.Bd3 c5 6.c3 Nc6 7.Ne2 cxd4 8.cxd4 f5
9.exf6 Nxf6 10.Nf3 Bd6 11.O-O Qc7 12.Nc3 a6 13.Bd2 O-O 14.Rc1 Bd7 15.Re1 
Ng4 16.g3 h6 17.Bf1 Be8 18.Rxe6 Qd7 19.Re1 Nxf2 20.Kxf2 Bh5 21.Bg2 Rxf3+ 
22.Bxf3 Rf8 23.Bf4 Bxf4 24.Bxh5 Bxc1+ 25.Kg2 Bxb2 26.Ne2 Qd6 27.Nf4 Bxd4 
28.Bf3 g5 29.Bxd5+ Kg7 30.Re6 Qa3 31.Nh5+ 1-0

[Event "21st Hoogeveen op"]
[Site "Hoogeveen NED"]
[Date "2017.10.22"]
[Round "2.5"]
[White "Paszewski, Mateusz"]
[Black "Kollars, Dmitrij"]
[Result "0-1"]
[WhiteElo "2289"]
[BlackElo "2498"]
[EventDate "2017.10.21"]
[PlyCount "88"]

1.e4 e5 2.Nf3 Nc6 3.Bc4 Nf6 4.d3 Bc5 5.O-O d6 6.c3 a6 7.a4 O-O 8.h3 Ba7 9.
Re1 Ne7 10.Bb3 Ng6 11.d4 d5 12.exd5 exd4 13.cxd4 Nxd5 14.Nc3 Ndf4 15.Be3 
c6 16.Kh1 Bf5 17.Qd2 Be6 18.Bxe6 fxe6 19.Bxf4 Nxf4 20.Re3 e5 21.Rxe5 Nxh3 
22.Qe2 Nf4 23.Qc4+ Kh8 24.Rae1 Qf6 25.Ne4 Qg6 26.Rg5 Qh6+ 27.Kg1 Nh3+ 28.
gxh3 Rxf3 29.Rg3 Rxg3+ 30.Nxg3 Qf6 31.Re4 Rf8 32.f4 Bb8 33.Kg2 Bxf4 34.Qf1
Qg5 35.Qf3 Bd6 36.Qg4 Qf6 37.Qe2 Bxg3 38.Kxg3 h6 39.h4 Qf5 40.b3 Qg6+ 41.
Kh2 Qf7 42.Qe3 Qf2+ 43.Qxf2 Rxf2+ 44.Kg3 Rb2 0-1

[Event "21st Hoogeveen op"]
[Site "Hoogeveen NED"]
[Date "2017.10.22"]
[Round "2.6"]
[White "Strating, Sybolt"]
[Black "Gritsak, Orest"]
[Result "0-1"]
[WhiteElo "2262"]
[BlackElo "2468"]
[EventDate "2017.10.21"]
[PlyCount "126"]

1.d4 Nf6 2.c4 g6 3.Nc3 d5 4.Bf4 Bg7 5.e3 O-O 6.Nf3 c5 7.dxc5 Ne4 8.Rc1 
Nxc3 9.bxc3 dxc4 10.Qxd8 Rxd8 11.Bxc4 Nd7 12.Ng5 Rf8 13.Ne4 Ne5 14.Bxe5 
Bxe5 15.O-O Bf5 16.Ng3 Bxg3 17.hxg3 Rac8 18.e4 Rxc5 19.exf5 Rxc4 20.fxg6 
hxg6 21.Rfd1 Rfc8 22.Rd7 R8c7 23.Rxc7 Rxc7 24.Kf1 Kg7 25.Ke2 Kf6 26.Kd3 
Rd7+ 27.Ke3 b6 28.Rb1 Rd5 29.Rb4 Ra5 30.a4 e5 31.f3 Ke6 32.g4 Rc5 33.Kd3 
Rd5+ 34.Ke2 Kd6 35.Rb1 f6 36.Rb4 Kc5 37.g3 a6 38.f4 exf4 39.Rxf4 Rd6 40.
Rb4 a5 41.Rf4 b5 42.axb5 Kxb5 43.Re4 a4 44.Rb4+ Ka5 45.Rb2 Rb6 46.Ra2 Rb1 
47.Kd3 Rg1 48.Rf2 Rxg3+ 49.Kc2 Rxg4 50.Rxf6 Rg2+ 51.Kb1 Kb5 52.Rf4 a3 53.
Rb4+ Kc5 54.Rd4 g5 55.Ka1 g4 56.Ra4 g3 57.Rg4 Kd5 58.c4+ Kc5 59.Kb1 Rb2+ 
60.Ka1 g2 61.Rg5+ Kd4 62.Rg4+ Ke5 63.c5 Rf2 0-1

[Event "21st Hoogeveen op"]
[Site "Hoogeveen NED"]
[Date "2017.10.22"]
[Round "2.7"]
[White "Saduakassova, Dinara"]
[Black "O'Gorman, Tom"]
[Result "1-0"]
[WhiteElo "2448"]
[BlackElo "2240"]
[EventDate "2017.10.21"]
[PlyCount "113"]

1.d4 Nf6 2.c4 g6 3.g3 Bg7 4.Bg2 d6 5.Nc3 O-O 6.Nf3 Nc6 7.O-O a6 8.Bf4 Bf5 
9.d5 Na5 10.b3 c5 11.Rc1 Ne4 12.Nb1 Bd7 13.Qc2 Nf6 14.e4 b5 15.Qe2 bxc4 
16.bxc4 Bg4 17.e5 Nh5 18.Bd2 Bxf3 19.Bxf3 Bxe5 20.Bxh5 gxh5 21.Bh6 Re8 22.
Qxh5 e6 23.Rfe1 Qf6 24.Re4 Kh8 25.Rh4 Qg6 26.Qxg6 fxg6 27.Bd2 Nb7 28.Nc3 
Nd8 29.Rb1 Kg8 30.Kg2 exd5 31.Nxd5 Ne6 32.Rb7 Bg7 33.Re4 Nd4 34.Ne7+ Kh8 
35.Bf4 Rad8 36.Bg5 Rb8 37.Rd7 h6 38.Rh4 Kh7 39.Bxh6 Rxe7 40.Bg5+ Kg8 41.
Bxe7 Nf5 42.Rg4 Rb2 43.Rxg6 Kf7 44.Rxg7+ Kxg7 45.Bxd6+ Kg6 46.Bxc5 Rxa2 
47.g4 Nh6 48.Kg3 Rc2 49.Be3 Nf7 50.c5 Rc4 51.Ra7 Ra4 52.Bf4 Nd8 53.Be5 Nc6
54.Rg7+ Kh6 55.Bf6 Rc4 56.f4 a5 57.f5 1-0

[Event "21st Hoogeveen op"]
[Site "Hoogeveen NED"]
[Date "2017.10.22"]
[Round "2.8"]
[White "Klapwijk, Bram"]
[Black "Schoppen, Casper"]
[Result "0-1"]
[WhiteElo "2211"]
[BlackElo "2440"]
[EventDate "2017.10.21"]
[PlyCount "136"]

1.d4 Nf6 2.c4 e6 3.Nc3 Bb4 4.e3 O-O 5.Ne2 Re8 6.a3 Bf8 7.Ng3 d5 8.cxd5 
exd5 9.Bd3 c5 10.dxc5 Bxc5 11.O-O Nc6 12.b4 Bd6 13.Nb5 Be5 14.Nd4 Bg4 15.
Be2 Nxd4 16.exd4 Bxe2 17.Nxe2 Bd6 18.Ng3 Bxg3 19.hxg3 Ne4 20.Qh5 Rc8 21.
Bf4 Rc4 22.Rac1 Qd7 23.Rfe1 Nf6 24.Qd1 Rec8 25.Qd3 h6 26.Qf3 Rxc1 27.Rxc1 
Rxc1+ 28.Bxc1 Qc6 29.Be3 Qc3 30.Qf5 h5 31.Kf1 Ne4 32.Kg1 Nxg3 33.Qxd5 Qe1+
34.Kh2 Nf1+ 35.Kh3 Nxe3 36.Qd8+ Kh7 37.fxe3 Qxe3+ 38.Kh2 Qf4+ 39.Kg1 g5 
40.Qd5 Kg6 41.Qxb7 Qxd4+ 42.Kf1 Qa1+ 43.Kf2 Qxa3 44.Qc6+ Kg7 45.Qc5 Qb2+ 
46.Kg1 Qa1+ 47.Kh2 Qf6 48.b5 h4 49.Qxa7 Qe5+ 50.Kh1 Qxb5 51.Qd4+ f6 52.Qe4
Qd7 53.Qf3 g4 54.Qe2 Kg6 55.Qc4 Kh5 56.Qc2 f5 57.Qe2 Qc6 58.Kh2 Qd6+ 59.
Kh1 Kg5 60.Qe3+ f4 61.Qb3 h3 62.Qg8+ Qg6 63.Qd8+ Qf6 64.Qg8+ Kh4 65.Qh7+ 
Kg3 66.Qd3+ f3 67.Qb1 fxg2+ 68.Kg1 h2# 0-1

[Event "21st Hoogeveen op"]
[Site "Hoogeveen NED"]
[Date "2017.10.22"]
[Round "2.9"]
[White "Beerdsen, Thomas"]
[Black "Pajeken, Jakob Leon"]
[Result "0-1"]
[WhiteElo "2428"]
[BlackElo "2203"]
[EventDate "2017.10.21"]
[PlyCount "72"]

1.e4 e5 2.Nf3 Nc6 3.Bc4 Bc5 4.O-O Nf6 5.d3 a6 6.a4 d6 7.c3 Ba7 8.Re1 O-O 
9.h3 h6 10.b4 Nh5 11.Be3 Qf6 12.Nbd2 Nf4 13.Nf1 Be6 14.Bxa7 Bxc4 15.dxc4 
Rxa7 16.Kh2 a5 17.Ne3 axb4 18.Nd5 Qd8 19.Nxf4 exf4 20.cxb4 Nxb4 21.Qd2 Nc6
22.Qxf4 Qa8 23.Nh4 Rxa4 24.Nf5 Rxa1 25.Qg3 g6 26.Nxh6+ Kh7 27.Ng4 Ra5 28.
f4 Qd8 29.e5 dxe5 30.fxe5 Kg7 31.Qe3 Rh8 32.Rf1 Qe7 33.e6 Qxe6 34.Qc3+ Re5
35.Re1 Qxg4 36.Rxe5 Qf4+ 0-1

[Event "21st Hoogeveen op"]
[Site "Hoogeveen NED"]
[Date "2017.10.22"]
[Round "2.10"]
[White "Stanetzek, Carsten"]
[Black "Carlstedt, Jonathan"]
[Result "1-0"]
[WhiteElo "2211"]
[BlackElo "2413"]
[EventDate "2017.10.21"]
[PlyCount "51"]

1.e4 d6 2.d4 Nf6 3.Nc3 e5 4.Nf3 Nbd7 5.Bc4 Be7 6.O-O c6 7.a4 Qc7 8.Qe2 h6 
9.Rd1 Nf8 10.a5 Bg4 11.h3 Bh5 12.g4 Bg6 13.d5 N8d7 14.a6 b5 15.dxc6 bxc4 
16.cxd7+ Qxd7 17.Nxe5 Qe6 18.Nxg6 fxg6 19.Nb5 Qd7 20.Nxd6+ Bxd6 21.e5 O-O 
22.Qxc4+ Kh7 23.Rxd6 Qe7 24.Qe6 Qc7 25.exf6 Rxf6 26.Rd7 1-0

[Event "21st Hoogeveen op"]
[Site "Hoogeveen NED"]
[Date "2017.10.22"]
[Round "2.11"]
[White "Kuipers, Stefan"]
[Black "Balje, Jan"]
[Result "1-0"]
[WhiteElo "2411"]
[BlackElo "2191"]
[EventDate "2017.10.21"]
[PlyCount "77"]

1.e4 c6 2.d4 d5 3.exd5 cxd5 4.Bd3 Nc6 5.c3 Qc7 6.Ne2 Bg4 7.O-O e6 8.Qe1 
Bd6 9.f3 Bh5 10.Qh4 Bg6 11.Bxg6 fxg6 12.Bf4 Nge7 13.Bxd6 Qxd6 14.Qf4 e5 
15.dxe5 Qxe5 16.Qxe5 Nxe5 17.Na3 Kf7 18.Rad1 Rhd8 19.Nc2 Rac8 20.Rfe1 Nc4 
21.Nf4 Rd6 22.b3 Nb6 23.Rd3 g5 24.Ne2 g6 25.Red1 a6 26.Ne3 Rdc6 27.Kf2 
R6c7 28.Rd4 a5 29.a4 Nc6 30.Rg4 Ne7 31.Rxg5 h5 32.h4 Rc6 33.Rd4 Re6 34.
Rf4+ Kg7 35.Nd4 Rf6 36.Rxf6 Kxf6 37.Nb5 Rc6 38.f4 Re6 39.Nd4 1-0

[Event "21st Hoogeveen op"]
[Site "Hoogeveen NED"]
[Date "2017.10.22"]
[Round "2.12"]
[White "Tania, Sachdev"]
[Black "Nicolai, Amir"]
[Result "1-0"]
[WhiteElo "2386"]
[BlackElo "2019"]
[EventDate "2017.10.21"]
[PlyCount "35"]

1.d4 Nf6 2.c4 e6 3.Nf3 d5 4.Nc3 c6 5.g3 a6 6.Bg2 dxc4 7.Ne5 Bb4 8.O-O c5 
9.dxc5 Qxd1 10.Rxd1 Bxc5 11.Nxc4 Ra7 12.Na4 b5 13.Nxc5 bxc4 14.Bf4 Nbd7 
15.Nxd7 Nxd7 16.Rac1 e5 17.Rxc4 Nb6 18.Re4 1-0

[Event "21st Hoogeveen op"]
[Site "Hoogeveen NED"]
[Date "2017.10.22"]
[Round "2.13"]
[White "Damen, Jip"]
[Black "Uksini, Bardhyl"]
[Result "1/2-1/2"]
[WhiteElo "2016"]
[BlackElo "2363"]
[EventDate "2017.10.21"]
[PlyCount "52"]

1.e4 c5 2.Nf3 e6 3.d4 cxd4 4.Nxd4 Nc6 5.Nc3 Nf6 6.Nxc6 bxc6 7.e5 Nd5 8.Ne4
Qc7 9.f4 Qb6 10.Bd3 Ba6 11.Bxa6 Qxa6 12.Qe2 Qxe2+ 13.Kxe2 f5 14.Nf2 Be7 
15.c4 Nb6 16.b3 h6 17.h4 Kf7 18.Be3 c5 19.Nd3 Rac8 20.Bd2 Rhg8 21.g3 g6 
22.Rad1 Ke8 23.Kf3 Kf7 24.Kf2 Rg7 25.Be3 Rc6 26.Ne1 Rc7 1/2-1/2

[Event "21st Hoogeveen op"]
[Site "Hoogeveen NED"]
[Date "2017.10.22"]
[Round "2.14"]
[White "Taams, Sander"]
[Black "Engel, Luis"]
[Result "0-1"]
[WhiteElo "1954"]
[BlackElo "2344"]
[EventDate "2017.10.21"]
[PlyCount "62"]

1.e4 c5 2.Nf3 d6 3.d4 cxd4 4.Nxd4 Nf6 5.Nc3 a6 6.Be3 e5 7.Nb3 Be6 8.f3 
Nbd7 9.Qd2 Be7 10.O-O-O b5 11.g4 b4 12.Ne2 a5 13.Kb1 a4 14.Nbc1 h6 15.Ng3 
d5 16.exd5 Nxd5 17.Nh5 Rg8 18.f4 a3 19.f5 axb2 20.Kxb2 Nxe3 21.Qxe3 Bg5 
22.Rxd7 Qa5 23.Qxg5 Qa3+ 24.Kb1 Bxa2+ 25.Nxa2 Qxa2+ 26.Kc1 Qa1+ 27.Kd2 
Qc3+ 28.Ke2 hxg5 29.Rd2 Ra3 30.Rd3 Qxc2+ 31.Ke3 Qc1+ 0-1

[Event "21st Hoogeveen op"]
[Site "Hoogeveen NED"]
[Date "2017.10.22"]
[Round "2.15"]
[White "Van Foreest, Lucas"]
[Black "Kotyk, Michael"]
[Result "1-0"]
[WhiteElo "2489"]
[BlackElo "1921"]
[EventDate "2017.10.21"]
[PlyCount "75"]

1.e4 e5 2.Nf3 Nc6 3.Bc4 Nf6 4.d3 d5 5.exd5 Nxd5 6.O-O Bc5 7.Re1 O-O 8.h3 
Nb6 9.Bb3 a5 10.Bg5 Be7 11.Bxe7 Qxe7 12.Nc3 a4 13.Nd5 Qd6 14.Nxb6 cxb6 15.
Bc4 Ra5 16.a3 b5 17.Ba2 b4 18.axb4 Qxb4 19.Ng5 h6 20.Ne4 Qxb2 21.Qh5 Nd4 
22.Nd6 Be6 23.Bxe6 fxe6 24.Nc4 Qxc2 25.Nxa5 Qxf2+ 26.Kh1 Nf5 27.Qg4 Ne3 
28.Qe4 Nf5 29.Qxe5 Nh4 30.Re2 Qa7 31.Qxe6+ Kh8 32.Qe7 Ng6 33.Qb4 Rf2 34.
Rxf2 Qxf2 35.Qxb7 Nf4 36.Qa8+ Kh7 37.Qf3 Qd4 38.Qe4+ 1-0

[Event "21st Hoogeveen op"]
[Site "Hoogeveen NED"]
[Date "2017.10.22"]
[Round "2.16"]
[White "Henseler, Jorgen"]
[Black "Jonkman, Harmen"]
[Result "0-1"]
[WhiteElo "2026"]
[BlackElo "2410"]
[EventDate "2017.10.21"]
[PlyCount "52"]

1.e4 e5 2.Nf3 Nc6 3.Bc4 Bc5 4.b4 Bxb4 5.c3 Be7 6.d4 Na5 7.Be2 d6 8.Qa4+ c6
9.dxe5 dxe5 10.Nxe5 Nf6 11.O-O Qc7 12.Nf3 b5 13.Qc2 O-O 14.a4 a6 15.Nbd2 
Re8 16.Ba3 h6 17.Bxe7 Rxe7 18.Rfe1 Rb8 19.Bd3 c5 20.e5 Nd5 21.axb5 axb5 
22.Bh7+ Kh8 23.Ne4 Bg4 24.Nd6 Bxf3 25.gxf3 Nc6 26.Qf5 g6 0-1

[Event "21st Hoogeveen op"]
[Site "Hoogeveen NED"]
[Date "2017.10.22"]
[Round "2.17"]
[White "De Jong, Migchiel"]
[Black "Boer, Bas De"]
[Result "1/2-1/2"]
[WhiteElo "2352"]
[BlackElo "2120"]
[EventDate "2017.10.21"]
[PlyCount "87"]

1.Nf3 c5 2.b3 d6 3.d4 cxd4 4.Nxd4 Nf6 5.g3 g6 6.Bg2 Bg7 7.O-O O-O 8.Bb2 d5
9.c4 dxc4 10.bxc4 Qb6 11.Qb3 Nfd7 12.e3 e5 13.Ne2 Nc6 14.Ba3 Rd8 15.Nbc3 
Na5 16.Qa4 Nc5 17.Qb5 Bf8 18.Nd5 Qxb5 19.cxb5 Be6 20.Rfd1 Rac8 21.Rac1 b6 
22.Bb4 f5 23.Bxa5 bxa5 24.Nec3 e4 25.Nf4 Bf7 26.h4 Nd3 27.Nxd3 exd3 28.Bc6
Ba3 29.Rb1 Bb4 30.Rbc1 Ba3 31.Rb1 Bb4 32.Rbc1 a6 33.Bb7 Rxc3 34.Rxc3 Bxc3 
35.bxa6 Bxa2 36.a7 d2 37.a8=Q Rxa8 38.Bxa8 Bb3 39.Bf3 Bxd1 40.Bxd1 Kg7 41.
Kf1 Kf6 42.Ke2 h6 43.Kd3 Bb4 44.f4 1/2-1/2

[Event "21st Hoogeveen op"]
[Site "Hoogeveen NED"]
[Date "2017.10.22"]
[Round "2.18"]
[White "De Jongh, Benno"]
[Black "Okkes, Menno"]
[Result "1/2-1/2"]
[WhiteElo "1919"]
[BlackElo "2332"]
[EventDate "2017.10.21"]
[PlyCount "64"]

1.d4 Nf6 2.Bg5 d5 3.e3 c5 4.Bxf6 gxf6 5.dxc5 e6 6.c4 dxc4 7.Qxd8+ Kxd8 8.
Na3 Bxc5 9.O-O-O+ Ke7 10.Nxc4 Nc6 11.Ne2 Bd7 12.Nc3 Rac8 13.Kb1 Ne5 14.
Nxe5 fxe5 15.Ne4 Bb4 16.Be2 Bc6 17.Bf3 f5 18.Nd2 e4 19.Be2 Bd5 20.Nb3 Rhg8
21.g3 Bxb3 22.axb3 Rgd8 23.h4 Bd2 24.g4 Ba5 25.g5 Rxd1+ 26.Rxd1 Rd8 27.Kc2
Rxd1 28.Kxd1 Bc7 29.Bh5 Be5 30.Kc2 Bh2 31.Kd2 Be5 32.Kc2 Bh2 1/2-1/2

[Event "21st Hoogeveen op"]
[Site "Hoogeveen NED"]
[Date "2017.10.22"]
[Round "2.19"]
[White "Buckels, Valentin"]
[Black "Hoffman, Ron"]
[Result "1-0"]
[WhiteElo "2318"]
[BlackElo "2038"]
[EventDate "2017.10.21"]
[PlyCount "103"]

1.d4 Nf6 2.c4 g6 3.Nf3 Bg7 4.g3 O-O 5.Bg2 d6 6.O-O Nc6 7.Nc3 Bg4 8.h3 Bxf3
9.Bxf3 Nd7 10.Be3 e5 11.d5 Nd4 12.Bg2 f5 13.Qd2 f4 14.gxf4 Nf5 15.fxe5 
Nxe3 16.Qxe3 Nxe5 17.b3 Qh4 18.Nb5 Rf7 19.Rad1 Bh6 20.Qg3 Qxg3 21.fxg3 
Raf8 22.Rxf7 Rxf7 23.Rf1 Be3+ 24.Kh2 Bb6 25.Rxf7 Kxf7 26.Nc3 Bd4 27.Ne4 
Be3 28.Bf3 Ke7 29.h4 h6 30.Kh3 Kd8 31.h5 g5 32.Nf6 Bd4 33.Ne4 Ke7 34.Bg4 
b6 35.Be6 a5 36.g4 a4 37.Ng3 axb3 38.axb3 Bc5 39.Nf5+ Kf6 40.Nxh6 Bf2 41.
Nf5 Bc5 42.Ng3 Kg7 43.Ne4 Be3 44.Kg2 Kh6 45.Kf1 Bc1 46.Ke1 Be3 47.Kd1 Bd4 
48.Kc2 Be3 49.Nf6 c6 50.Ne4 cxd5 51.cxd5 Bf4 52.Kc3 1-0

[Event "21st Hoogeveen op"]
[Site "Hoogeveen NED"]
[Date "2017.10.22"]
[Round "2.20"]
[White "Vistisen, Lars"]
[Black "Van Dael, Siem"]
[Result "0-1"]
[WhiteElo "2073"]
[BlackElo "2286"]
[EventDate "2017.10.21"]
[PlyCount "86"]

1.e4 e5 2.Nf3 Nc6 3.Bc4 Nf6 4.d3 Bc5 5.c3 d6 6.Nbd2 a6 7.a4 O-O 8.O-O Kh8 
9.b4 Bb6 10.Bb3 Ne7 11.Nc4 Ba7 12.h3 Ng6 13.Kh2 h6 14.Ra2 d5 15.exd5 Nxd5 
16.Qe1 Re8 17.Nfxe5 Nxe5 18.Nxe5 Qd6 19.f4 Be6 20.g3 f6 21.f5 fxe5 22.fxe6
Rxe6 23.Re2 Rae8 24.c4 Nxb4 25.c5 Bxc5 26.Bxe6 Rxe6 27.d4 Bxd4 28.Ba3 c5 
29.Bxb4 cxb4 30.Qb1 Rg6 31.Qe4 Qc6 32.Rf8+ Kh7 33.Qf5 Qxa4 34.h4 Qb3 35.
Rg2 Qe6 36.Qe4 h5 37.Rb8 Qg4 38.Qxb7 Bf2 39.Qc8 Bxg3+ 40.Kh1 Qxh4+ 41.Kg1 
Bh2+ 42.Kh1 Bf4+ 43.Kg1 Qe1# 0-1